Catálogo público

Cambios en la agricultura de la zona de Tierra Caliente, Michoacán, México, 1950-1960 / (Record no. 172277)

MARC details
000 -CABECERA
campo de control de longitud fija 00972nam a2200277Ia 4500
001 - NÚMERO DE CONTROL
campo de control dia_1738
003 - IDENTIFICADOR DEL NÚMERO DE CONTROL
campo de control CHAP
005 - FECHA Y HORA DE LA ÚLTIMA TRANSACCIÓN
campo de control 20230619130034.0
008 - DATOS DE LONGITUD FIJA--INFORMACIÓN GENERAL
campo de control de longitud fija 220117s1965 xx 000 0 und d
010 ## - NÚMERO DE CONTROL DE LA BIBLIOTECA DEL CONGRESO
Número de control de LC 172277
040 ## - FUENTE DE LA CATALOGACIÓN
Centro/agencia transcriptor CHAP
082 ## - NÚMERO DE LA CLASIFICACIÓN DECIMAL DEWEY
Número de clasificación 630.972 B47 1965
100 ## - ENTRADA PRINCIPAL--NOMBRE DE PERSONA
Nombre de persona Berkin, David
9 (RLIN) 151467
245 ## - MENCIÓN DE TÍTULO
Título Cambios en la agricultura de la zona de Tierra Caliente, Michoacán, México, 1950-1960 /
Mención de responsabilidad, etc. David Barkin
260 ## - PUBLICACIÓN, DISTRIBUCIÓN, ETC.
Lugar de publicación, distribución, etc. México, Chapingo :
Nombre del editor, distribuidor, etc. ENA. Colegio de Postgraduados,
Fecha de publicación, distribución, etc. 1965
300 ## - DESCRIPCIÓN FÍSICA
Extensión 48 h.
590 ## - NOTA LOCAL (RLIN)
Nota local S165 B47 1965
650 ## - PUNTO DE ACCESO ADICIONAL DE MATERIA--TÉRMINO DE MATERIA
Término de materia o nombre geográfico como elemento de entrada Agricultura
Subdivisión general México
-- Michoacán.
9 (RLIN) 151468
650 ## - PUNTO DE ACCESO ADICIONAL DE MATERIA--TÉRMINO DE MATERIA
Término de materia o nombre geográfico como elemento de entrada Agricultural programs and projects
Subdivisión general Mexico
-- Michoacán
9 (RLIN) 151469
650 ## - PUNTO DE ACCESO ADICIONAL DE MATERIA--TÉRMINO DE MATERIA
Término de materia o nombre geográfico como elemento de entrada Agriculture
Subdivisión general Mexico
-- Michoacán
9 (RLIN) 151470
650 ## - PUNTO DE ACCESO ADICIONAL DE MATERIA--TÉRMINO DE MATERIA
Término de materia o nombre geográfico como elemento de entrada Programas y proyectos agrícolas
Subdivisión general México
-- Michoacán
9 (RLIN) 151471
901 ## - ELEMENTOS DE DATOS A LOCAL LDA (RLIN)
a 630.972 B47 1965
902 ## - ELEMENTOS DE DATOS B LOCAL, LDB (RLIN)
a M
905 ## - ELEMENTOS DE DATOS E LOCAL, LDE (RLIN)
a 5232271965 mx mn 8222223322spa16
942 ## - ELEMENTOS DE PUNTO DE ACCESO ADICIONAL (KOHA)
Tipo de ítem Koha Libro
Fuente del sistema de clasificación o colocación Dewey Decimal Classification
Holdings
Estado de retiro Estado de pérdida Fuente del sistema de clasificación o colocación Estado dañado No para préstamo Código de colección Localización permanente Ubicación/localización actual Fecha de adquisición Información codificada de la localización en otra ubicación Total de préstamos Signatura topográfica completa Código de barras Fecha visto por última vez Número de copia Precio válido a partir de Tipo de ítem Koha
    Dewey Decimal Classification     General Ingenieria Agroindustrial Ingenieria Agroindustrial 18/01/2022 1   630.972 B47 1965 dia_000283 18/01/2022 1 18/01/2022 Libro